000
00285nam a22001337a 4500
008
170309b xxu||||| |||| 00| 0 eng d
020
_a
9780321778833
041
_a
eng
080
_2
5
_a
ED
100
_a
6
101
_a
SHM
245
_a
HUMAN PHYSIOLOGY
_c
JOHSON.B.R
942
_2
udc
_c
BK
999
_c
7270
_d
7270